Science Quiz

Random Science Quiz

Physical and Chemical Properties of Matter Quiz Stats

 Plays Quiz not verified by Sporcle

Support Sporcle.
Go Orange.
Score 0/16 Timer 05:00
0 Plays Today
% Correct
density
76.7%
luster
53.3%
boiling point
51.7%
malleability
51.7%
melting point
50%
solubility
50%
color
45%
reactivity
40%
% Correct
electrical conductivity
33.3%
flammability
33.3%
thermal conductivity
30%
corrosion
30%
ripening
25%
magnetic attraction
23.3%
combustion
6.7%
digestion
1.7%

You're not logged in!

Compare scores with friends on all Sporcle quizzes.
OR
Log In

From the Vault

Martin Luther or Martin Luther King Jr.?

by nopurplesky

Profound quotes from powerful people.
Remove Ads.
Support Sporcle.
Get the best of Sporcle when you Go Orange. This ad-free experience offers more features, more stats, and more fun while also helping to support Sporcle. Thank you for becoming a member.

Show Comments

Extras

Created Sep 25, 2013ReportNominate
Tags:Matter, Physical, Property

Top Quizzes Today


Score Distribution

Your Account Isn't Verified!

In order to create a playlist on Sporcle, you need to verify the email address you used during registration. Go to your Sporcle Settings to finish the process.

Report this User

Report this user for behavior that violates our Community Guidelines.

Details: